Top La Liga scorers by country - Statistics

General Stats
  • This quiz has been taken 130 times
  • The average score is 11 of 32
Answer Stats
Country Player % Correct
Portugal Cristiano Ronaldo
100%
Brazil Ronaldo
100%
Argentina Lionel Messi
99%
Cameroon Samuel Eto'o
86%
Hungary Ferenc Puskás
82%
Mexico Hugo Sanchez
77%
Wales Gareth Bale
69%
France Karim Benzema
68%
Uruguay Diego Forlán
55%
Croatia Davor Suker
52%
Chile Iván Zamorano
31%
Denmark Michael Laudrup
28%
Spain Telmo Zarra
27%
England Gary Lineker
23%
Montenegro Predrag Mijatović
22%
Mali Frédéric Kanouté
21%
Germany Bernd Schuster
15%
Netherlands Roy Makaay
13%
Panama Julio Dely Valdés
12%
Austria Toni Polster
11%
Bosnia and Herzegovina Meho Kodro
9%
Colombia Carlos Bacca
8%
Serbia Darko Kovacevic
8%
Bulgaria Lyuboslav Penev
8%
Italy Giuseppe Rossi
7%
Russia Valeri Karpin
7%
Turkey Nihat Kahveci
6%
Romania Gheorghe Craioveanu
5%
Venezuela Juan Arango
3%
Morocco Youssef El Arabi
3%
Nigeria Ikechukwu Uche
2%
Paraguay Orlando Giménez
2%
No matching quizzes found
Score Distribution
Percent of People with Each Score
Percentile by Number Answered
Your Score History
You have not taken this quiz